[Event "C.to Torinese Open"]
[Site "Torino ITA"]
[Date "2016.02.22"]
[Round "6"]
[White "Vozza, Nicola"]
[Black "Di Chiara, Mauro"]
[WhiteElo "1886"]
[BlackElo "1936"]
[Result "1/2-1/2"]
[PlyCount "82"]
[EventDate "2016.01.18"]

1. d4 g6 2. c4 Nf6 3. Nc3 Bg7 4. e4 d6 5. Nf3 O-O 6. Be2 e5 7. O-O Nc6 8. d5
Ne7 9. b4 Nh5 10. Re1 Nf4 11. Bf1 f5 12. Qb3 Kh8 13. Bxf4 exf4 14. e5 dxe5 15.
Nxe5 g5 16. c5 Ng6 17. Nxg6+ hxg6 18. d6 cxd6 19. Rad1 g4 20. cxd6 Bd7 21. Nd5
Qg5 22. Re7 Rad8 23. Nc7 g3 24. hxg3 fxg3 25. Rd3 gxf2+ 26. Kxf2 f4 27. Ke1
Qh4+ 28. Kd1 Bg4+ 29. Be2 f3 30. gxf3 Qh1+ 31. Kd2 Bh6+ 32. Kc3 Qc1+ 33. Qc2
Qxc2+ 34. Kxc2 Bf5 35. Ne6 Rc8+ 36. Kb3 Bxd3 37. Nxf8 Bxf8 38. d7 Bc2+ 39. Kb2
Rd8 40. Re8 Rxd7 41. Kxc2 Kg7 1/2-1/2

[Event "C.to Torinese Open"]
[Site "Torino ITA"]
[Date "2016.02.29"]
[Round "7"]
[White "Ratti, Marco"]
[Black "Vozza, Nicola"]
[WhiteElo "1880"]
[BlackElo "1886"]
[Result "0-1"]
[PlyCount "108"]
[EventDate "2016.01.18"]

1. d4 e6 2. c4 f5 3. g3 Nf6 4. Bg2 d5 5. Nf3 c6 6. O-O Bd6 7. Nbd2 O-O 8. b3
Ne4 9. Qc2 Nd7 10. Bb2 Ndf6 11. Ne5 Qe8 12. Ndf3 Qh5 13. Nd3 g5 14. Nfe5 Ng4
15. h3 Nh6 16. Bc1 f4 17. g4 Qe8 18. Bxe4 dxe4 19. Ne1 Bxe5 20. dxe5 Qg6 21. f3
Nf7 22. Bb2 h5 23. Rf2 hxg4 24. hxg4 Kg7 25. Ba3 Rh8 26. Be7 Rh3 27. Bf6+ Kg8
28. Rh2 Rxh2 29. Kxh2 Qh7+ 30. Kg1 e3 31. Qxh7+ Kxh7 32. Rd1 a5 33. Nd3 a4 34.
b4 b6 35. a3 Ra7 36. Nb2 Kg6 37. Rd3 b5 38. c5 Rd7 39. Rxd7 Bxd7 40. Nd1 Nh6
41. Nc3 Nf5 42. gxf5+ exf5 43. Kg2 Be6 44. Kf1 Bc4 45. Ke1 g4 46. fxg4 fxg4 47.
Ne4 Bd5 48. Nd6 Bg2 49. Bh4 Bd5 50. Nc8 Kh5 51. Bf6 f3 52. Ne7 f2+ 53. Kf1 Be4
54. e6 g3 0-1

[Event "Festival A Epifania"]
[Site "Torino ITA"]
[Date "2016.01.03"]
[Round "2"]
[White "Mina, Marco"]
[Black "Zenere, Gabriele"]
[WhiteElo "2026"]
[BlackElo "1806"]
[Result "1-0"]
[PlyCount "73"]
[EventDate "2016.01.03"]

1. e4 c5 2. Ne2 Nc6 3. c4 g6 4. d4 cxd4 5. Nxd4 Bg7 6. Be3 Nf6 7. Nc3 Ng4 8.
Qxg4 Nxd4 9. Qd1 e5 10. Qd2 O-O 11. Be2 d6 12. O-O Be6 13. Rac1 Rc8 14. b3 a6
15. f4 f5 16. Bf3 b6 17. Kh1 Qe7 18. exf5 gxf5 19. Bd5 Rb8 20. Rfe1 Bxd5 21.
Nxd5 Qd8 22. Bxd4 exd4 23. Ne7+ Kh8 24. Nc6 Qf6 25. Nxb8 Rxb8 26. g3 h5 27. Qe2
Qf7 28. Qf3 Re8 29. Kg2 h4 30. Kf2 Qg6 31. Rxe8+ Qxe8 32. Re1 Qg6 33. Qd5 hxg3+
34. hxg3 d3 35. Rh1+ Bh6 36. Qxd3 Qf6 37. Rd1 1-0

[Event "Festival A Epifania"]
[Site "Torino ITA"]
[Date "2016.01.03"]
[Round "2"]
[White "Tripodi, Enzo"]
[Black "Fassio, Luca"]
[WhiteElo "1722"]
[BlackElo "2003"]
[Result "1-0"]
[PlyCount "85"]
[EventDate "2016.01.03"]

1. e4 g6 2. d4 c6 3. Nf3 d5 4. exd5 cxd5 5. c4 Nf6 6. Nc3 Bg7 7. Be2 dxc4 8.
Bxc4 O-O 9. O-O Bg4 10. Be2 Nc6 11. Be3 Nd5 12. Rc1 Nxe3 13. fxe3 Bh6 14. Qd2
Qa5 15. h3 Bxf3 16. Rxf3 Rad8 17. Qc2 e5 18. d5 Nb4 19. Qb3 Nxd5 20. Nxd5 Rxd5
21. Bc4 Rd7 22. Rcf1 Qc7 23. e4 Bf4 24. g3 Bd2 25. h4 h5 26. Rf6 Kg7 27. Bd5
Bf4 28. Bxf7 Rdxf7 29. Rxf7+ Rxf7 30. gxf4 exf4 31. Qc3+ Qxc3 32. bxc3 Rc7 33.
Rxf4 Rxc3 34. e5 Rc1+ 35. Kf2 Rc2+ 36. Ke3 Rxa2 37. e6 Ra6 38. Rf7+ Kg8 39. Rf6
Kg7 40. Rf7+ Kh6 41. e7 Re6+ 42. Kd4 g5 43. Rf6+ 1-0

[Event "Festival A Epifania"]
[Site "Torino ITA"]
[Date "2016.01.04"]
[Round "3"]
[White "Gussone, Claudio"]
[Black "Tripodi, Enzo"]
[WhiteElo "1752"]
[BlackElo "1722"]
[Result "0-1"]
[PlyCount "90"]
[EventDate "2016.01.03"]

1. c4 Nf6 2. Nc3 e6 3. Nf3 d5 4. g3 c5 5. d4 cxd4 6. Nxd4 Bb4 7. Bg2 O-O 8. Bd2
dxc4 9. Ncb5 Qa5 10. Bxb4 Qxb4+ 11. Qd2 Qxd2+ 12. Kxd2 Na6 13. Nd6 Nc5 14. Nxc4
Rd8 15. e3 Bd7 16. Ke2 Ng4 17. h3 Nh6 18. Rhd1 Rab8 19. Rac1 f6 20. f4 Nf7 21.
b3 Bc8 22. Nb5 Rxd1 23. Rxd1 Bd7 24. Nc3 b5 25. Nd6 Nxd6 26. Rxd6 b4 27. Nb1
Bb5+ 28. Kf2 Nd3+ 29. Kg1 Kf7 30. Bf1 Ke7 31. Rxd3 Bxd3 32. Bxd3 Rd8 33. Be2
Rc8 34. Kf2 Rc2 35. a3 Rb2 36. axb4 Rxb1 37. Bc4 Kd6 38. Kf3 e5 39. h4 h6 40.
h5 f5 41. g4 exf4 42. gxf5 fxe3 43. Kxe3 Ke5 44. Be6 Rh1 45. Bf7 Kxf5 0-1

[Event "Festival A Epifania"]
[Site "Torino ITA"]
[Date "2016.01.04"]
[Round "3"]
[White "Ratti, Marco"]
[Black "Yao, Stefano"]
[WhiteElo "1880"]
[BlackElo "2191"]
[Result "0-1"]
[PlyCount "44"]
[EventDate "2016.01.03"]

1. d4 Nf6 2. c4 c6 3. g3 d5 4. Bg2 e6 5. Nf3 dxc4 6. O-O b5 7. a4 Bb7 8. Ne5
Nd5 9. e4 Nf6 10. Bg5 Be7 11. b3 cxb3 12. axb5 cxb5 13. Qxb3 a6 14. Rd1 Nbd7
15. Nxf7 Kxf7 16. d5 exd5 17. exd5 Bd6 18. Nc3 Nc5 19. Qa2 Rf8 20. Ne4 Ncxe4
21. Bxe4 Kg8 22. Qc2 h6 0-1

[Event "Festival A Epifania"]
[Site "Torino ITA"]
[Date "2016.01.05"]
[Round "4"]
[White "Mina, Marco"]
[Black "Finocchiaro, Gianluca"]
[WhiteElo "2026"]
[BlackElo "2023"]
[Result "1-0"]
[PlyCount "49"]
[EventDate "2016.01.03"]

1. e4 d6 2. d4 Nf6 3. Nc3 c6 4. f4 Qa5 5. Bd3 e5 6. Nf3 Bg4 7. Be3 Nbd7 8. O-O
Be7 9. Qe1 Qc7 10. a4 O-O 11. Qg3 Bxf3 12. Qxf3 Rfe8 13. a5 b6 14. Kh1 exd4 15.
Bxd4 Nc5 16. e5 Nfd7 17. axb6 axb6 18. Rxa8 Rxa8 19. Nb5 Qb8 20. Qxc6 Nxd3 21.
Qxd7 dxe5 22. cxd3 exd4 23. Qxe7 Qxf4 24. Qd8+ Rxd8 25. Rxf4 1-0

[Event "Festival A Epifania"]
[Site "Torino ITA"]
[Date "2016.01.05"]
[Round "4"]
[White "Yao, Stefano"]
[Black "Tripodi, Enzo"]
[WhiteElo "2191"]
[BlackElo "1722"]
[Result "1-0"]
[PlyCount "33"]
[EventDate "2016.01.03"]

1. d4 Nf6 2. Nf3 d5 3. c4 e6 4. g3 c5 5. cxd5 exd5 6. Bg2 Be7 7. O-O O-O 8. Nc3
cxd4 9. Nxd4 Nc6 10. Be3 Re8 11. Rc1 h6 12. h3 Rb8 13. Ncb5 a6 14. Bf4 Ra8 15.
Nc7 Bd6 16. Bxd6 Qxd6 17. Nxa8 1-0

[Event "Festival A Epifania"]
[Site "Torino ITA"]
[Date "2016.01.06"]
[Round "5"]
[White "Di Biccari, Alessandro"]
[Black "Giacometto, Mario"]
[WhiteElo "1684"]
[BlackElo "1930"]
[Result "1/2-1/2"]
[PlyCount "90"]
[EventDate "2016.01.03"]

1. e4 Nf6 2. e5 Nd5 3. d4 d6 4. Nf3 dxe5 5. Nxe5 c6 6. Be2 Nd7 7. Nf3 N7f6 8.
O-O Bg4 9. Ne5 Bxe2 10. Qxe2 e6 11. c4 Nc7 12. Be3 Bd6 13. Nc3 O-O 14. Bg5 Be7
15. Rfd1 Re8 16. Bxf6 Bxf6 17. Ne4 Be7 18. Rd3 f6 19. Nf3 Bf8 20. Rad1 Qe7 21.
Re3 g6 22. Nc3 Rad8 23. d5 cxd5 24. cxd5 Rd6 25. dxe6 Rxe6 26. Rdd3 Qf7 27. Ne4
Bh6 28. Nd6 Rxe3 29. fxe3 Qxa2 30. Nxe8 Nxe8 31. Ra3 Qb1+ 32. Kf2 Nd6 33. g3
Qh1 34. Qd3 Bf8 35. Qd5+ Kg7 36. Rxa7 f5 37. Qe5+ Kh6 38. Qf4+ Kg7 39. Ng5
Qxh2+ 40. Kf3 Qh1+ 41. Kf2 Kf6 42. e4 Qh2+ 43. Kf3 Qh1+ 44. Kf2 Qh2+ 45. Kf3
Qh1+ 1/2-1/2

[Event "Festival A Epifania"]
[Site "Torino ITA"]
[Date "2016.01.06"]
[Round "5"]
[White "Mina, Marco"]
[Black "Yao, Stefano"]
[WhiteElo "2026"]
[BlackElo "2191"]
[Result "0-1"]
[PlyCount "82"]
[EventDate "2016.01.03"]

1. e4 e6 2. d4 d5 3. Nd2 Nf6 4. e5 Nfd7 5. c3 c5 6. Bd3 Nc6 7. Ne2 cxd4 8. cxd4
f6 9. exf6 Nxf6 10. Nf3 Bd6 11. O-O Qc7 12. Bg5 O-O 13. Bh4 Nh5 14. Qc2 h6 15.
Bg6 Rxf3 16. gxf3 Bxh2+ 17. Kh1 Nf4 18. Ng3 Qd6 19. Rad1 e5 20. Bh7+ Kh8 21.
dxe5 Nxe5 22. Rfe1 Bh3 23. Rxe5 Qxe5 24. Kxh2 g5 25. Bxg5 hxg5 26. Bf5 Bxf5 27.
Qxf5 Qxb2 28. Kg1 Qg7 29. Re1 Rf8 30. Qg4 Qf6 31. Qd7 Rf7 32. Qc8+ Kh7 33. Re8
Ng6 34. Qh3+ Nh4 35. Re3 Qa1+ 36. Kh2 Qxa2 37. Re2 Qc4 38. Qe6 Nxf3+ 39. Kg2
Nh4+ 40. Kh2 Qf4 41. Qxd5 Qf3 0-1

[Event "Festival A Epifania"]
[Site "Torino ITA"]
[Date "2016.01.06"]
[Round "6"]
[White "Giacomasso, Enrico"]
[Black "Mina, Marco"]
[WhiteElo "1974"]
[BlackElo "2026"]
[Result "1-0"]
[PlyCount "71"]
[EventDate "2016.01.03"]

1. e4 e6 2. d4 d5 3. Nd2 Be7 4. Ngf3 Nf6 5. e5 Nfd7 6. c3 c5 7. a3 Nc6 8. b4
cxd4 9. cxd4 f6 10. exf6 Nxf6 11. Bd3 O-O 12. O-O Bd6 13. Bb2 a6 14. Rc1 Qe7
15. Ne5 Bd7 16. f4 Be8 17. Qf3 g6 18. Qh3 Nd8 19. Nb3 b6 20. Rce1 Nh5 21. f5
gxf5 22. Be2 Nf6 23. Bc1 Kh8 24. Bd3 Ne4 25. Re2 Rg8 26. Bf4 a5 27. bxa5 bxa5
28. Bxe4 dxe4 29. Rc2 Ba4 30. Rfc1 Rg7 31. Bh6 Rg8 32. Rc8 Rxc8 33. Rxc8 Qb7
34. Qh4 Bxe5 35. dxe5 Qb6+ 36. Kh1 1-0

[Event "Festival A Epifania"]
[Site "Torino ITA"]
[Date "2016.01.06"]
[Round "6"]
[White "Tripodi, Enzo"]
[Black "Di Biccari, Alessandro"]
[WhiteElo "1722"]
[BlackElo "1684"]
[Result "0-1"]
[PlyCount "120"]
[EventDate "2016.01.03"]

1. e4 c5 2. Nf3 d6 3. d4 cxd4 4. Nxd4 Nf6 5. Nc3 g6 6. Be3 Bg7 7. f3 O-O 8. Qd2
Nc6 9. O-O-O d5 10. Nxc6 bxc6 11. exd5 Nxd5 12. Nxd5 cxd5 13. Qxd5 Qc7 14. Qc4
Qb8 15. Qb3 Qc7 16. Bd4 Rb8 17. Qc3 Qf4+ 18. Kb1 e5 19. Be3 Qa4 20. Bc4 Bf5 21.
Bb3 Qa6 22. g4 Rfc8 23. Qd2 Rxb3 24. axb3 Bxc2+ 25. Qxc2 Rxc2 26. Rd8+ Bf8 27.
Bh6 Rc8 28. Rhd1 f5 29. Bxf8 Rxd8 30. Rxd8 Kf7 31. Bc5 Qf1+ 32. Ka2 Qxf3 33.
Rd7+ Kf6 34. Rxa7 Qxg4 35. h4 h5 36. b4 Qc4+ 37. Ka3 f4 38. b3 Qc1+ 39. Ka4 f3
40. Rb7 Qc2 41. Rb8 Qa2+ 42. Kb5 Qxb3 43. Kc6 Kf5 44. b5 Kg4 45. b6 Qe6+ 46.
Kc7 Qf7+ 47. Kd6 e4 48. Kc6 f2 49. Bxf2 Qxf2 50. b7 Qc2+ 51. Kb6 Qb2+ 52. Kc6
Qc3+ 53. Kb6 Qb4+ 54. Kc6 Qc4+ 55. Kb6 Qe6+ 56. Kc7 Qe5+ 57. Kc8 Qc5+ 58. Kd7
Qb6 59. Kc8 Qc6+ 60. Kd8 e3 0-1

[Event "III Festival San Giovanni B"]
[Site "Torino ITA"]
[Date "2016.06.21"]
[Round "3"]
[White "Fiorito, Giovanni"]
[Black "Rinaudo, Giada"]
[WhiteElo "1651"]
[BlackElo "1572"]
[Result "0-1"]
[PlyCount "80"]
[EventDate "2016.06.19"]

1. e4 g6 2. Nc3 Bg7 3. f4 d6 4. Nf3 Nf6 5. Bc4 e6 6. O-O O-O 7. d3 a6 8. a4 b6
9. Qe1 d5 10. Bb3 Bb7 11. f5 exf5 12. e5 Re8 13. Qh4 Ng4 14. Bg5 f6 15. exf6
Bxf6 16. Nxd5 Bxd5 17. Bxd5+ Qxd5 18. Bxf6 Nc6 19. Bc3 Re2 20. h3 Nge5 21. Rf2
Nxf3+ 22. Rxf3 Rae8 23. Qf6 Ne5 24. Kf1 Re6 25. Qxe6+ Qxe6 26. Kxe2 Nxf3+ 27.
Kxf3 Kf7 28. Re1 Qc6+ 29. Kf2 Qxa4 30. Re2 Qd7 31. Be5 a5 32. d4 Qd5 33. b3 c5
34. c4 Qd7 35. dxc5 bxc5 36. Kf3 Qb7+ 37. Kf4 Qxb3 38. Rb2 Qxc4+ 39. Kg3 Qe4
40. Rb7+ Qxb7 0-1

[Event "III Festival San Giovanni B"]
[Site "Torino ITA"]
[Date "2016.06.22"]
[Round "4"]
[White "Rinaudo, Giada"]
[Black "Parisi, Gianmario"]
[WhiteElo "1572"]
[BlackElo "1764"]
[Result "0-1"]
[PlyCount "72"]
[EventDate "2016.06.19"]

1. Nf3 Nf6 2. c4 e6 3. b3 b6 4. Bb2 Bb7 5. g3 Be7 6. Bg2 O-O 7. O-O d5 8. Qc2
Nbd7 9. Nc3 c5 10. e3 a6 11. d3 Qc7 12. Nd2 Rad8 13. e4 dxc4 14. dxc4 Ne5 15.
Ne2 Nd3 16. Bc3 Rd7 17. Nc1 Nb4 18. Qb2 Rfd8 19. a3 Nc6 20. Re1 Nd4 21. Ne2 Ng4
22. h3 Ne5 23. Nc1 Nec6 24. Ne2 Bf6 25. f4 Nxe2+ 26. Rxe2 Bxc3 27. Qxc3 Rd3 28.
Qb2 Nd4 29. Rf2 Qd7 30. Kh2 e5 31. fxe5 Ne6 32. Ra2 Ng5 33. h4 Ne6 34. Bh3 Qd4
35. Bxe6 Qxf2+ 36. Kh3 Qxg3# 0-1

[Event "III Festival San Giovanni B"]
[Site "Torino ITA"]
[Date "2016.06.23"]
[Round "5"]
[White "Chiabrando, Davide"]
[Black "Lo Curto, Andrea"]
[WhiteElo "1623"]
[BlackElo "1667"]
[Result "1-0"]
[PlyCount "95"]
[EventDate "2016.06.19"]

1. e4 e6 2. d4 d5 3. e5 c5 4. c3 Nc6 5. Nf3 Qb6 6. a3 Nh6 7. b4 cxd4 8. cxd4
Nf5 9. Be3 a5 10. b5 Na7 11. a4 Bb4+ 12. Nbd2 Bc3 13. Rc1 Bxd4 14. Nxd4 Nxd4
15. Nb3 Nac6 16. Bxd4 Nxd4 17. Qxd4 Qxd4 18. Nxd4 O-O 19. Be2 f6 20. exf6 gxf6
21. O-O e5 22. Nb3 Rf7 23. f4 Be6 24. fxe5 fxe5 25. Rxf7 Kxf7 26. Rc7+ Kf6 27.
Nc5 Bf5 28. Nxb7 d4 29. b6 d3 30. Bxd3 Bxd3 31. Nxa5 Be4 32. Ra7 Rxa7 33. bxa7
Ke6 34. Nc4 Kd7 35. Nb6+ Kc7 36. a8=Q Bxa8 37. Nxa8+ Kb7 38. Kf2 Kxa8 39. Ke3
Kb7 40. Ke4 Kc6 41. Kxe5 Kc5 42. g4 Kb4 43. h4 Kxa4 44. g5 Kb5 45. h5 Kc6 46.
Kf6 Kd7 47. Kf7 Kd6 48. g6 1-0

[Event "III Festival San Giovanni B"]
[Site "Torino ITA"]
[Date "2016.06.24"]
[Round "6"]
[White "Chianale, Angelo"]
[Black "Parisi, Gianmario"]
[WhiteElo "1704"]
[BlackElo "1764"]
[Result "0-1"]
[PlyCount "40"]
[EventDate "2016.06.19"]

1. e4 c5 2. Nc3 Nc6 3. f4 d6 4. Bb5 Bd7 5. Nf3 a6 6. Bxc6 Bxc6 7. O-O e6 8. d3
Nf6 9. Qe1 Be7 10. Bd2 Qc7 11. a3 b5 12. b4 O-O 13. f5 cxb4 14. axb4 exf5 15.
Ng5 fxe4 16. Ncxe4 Bxe4 17. dxe4 h6 18. Qh4 Nh7 19. Ra3 Bxg5 20. Bxg5 Nxg5 0-1